Human Resource Management 15/e
Gespeichert in:
| 1. Verfasser: | |
|---|---|
| Format: | Buch |
| Veröffentlicht: |
Wiley India
|
| Tags: |
Keine Tags, Fügen Sie das erste Tag hinzu!
|
MARC
| LEADER | 00000nam a2200000Ia 4500 | ||
|---|---|---|---|
| 005 | 20260513122051.0 | ||
| 020 | |a 9789363863316 | ||
| 100 | |a Verhulst | ||
| 365 | |c Rs. | ||
| 365 | |b 20.00 | ||
| 942 | |c BK | ||
| 245 | |a Human Resource Management 15/e | ||
| 260 | |b Wiley India | ||
| 999 | |c 47 |d 47 | ||
| 952 | |0 0 |1 0 |4 0 |7 0 |a UNSW |b UNSW |d 2026-05-06 |g 1119.00 |i 16687 |l 0 |p 000098 |r 2026-05-13 12:20:51 |v 1119.00 |w 2026-05-13 |y BK | ||
| 952 | |0 0 |1 0 |4 0 |7 0 |a UNSW |b UNSW |d 2026-05-06 |g 1119.00 |i 16682 |l 0 |p 000140 |r 2026-05-13 12:20:51 |v 1119.00 |w 2026-05-13 |y BK | ||